000 00946nam a22002417a 4500
001 76247
003 BD-RjUL
005 20211209082820.0
008 191117s2014 bg ||||| |||| 00| 0 eng d
035 _a(BD-RjUL)76468
040 _aBD-RjUL
_beng
_cBD-RjUL
041 _aeng
082 _223
_a320.95492
_bHUB 2014
100 _aহক, আবুল ফজল
_9234974
245 1 0 _aবাংলাদেশ : রাজনৈতিক সংস্কৃতি /
_cআবুল ফজল হক
260 _aঢাকা :
_bমাওলা ব্রাদার্স,
_c২০১৪
300 _a৪৬৩ পৃ.;
_c২৩ সেমি.
650 _aরাজনৈতিক সংস্কৃতি
_zবাংলাদেশ
_9234975
650 _aরাজনীতি এবং সরকার
_zবাংলাদেশ
_9234976
650 _aPolitical culture
_9234977
650 _aPolitics and government
_9234978
942 _2ddc
_cBK
999 _c76247
_d76247